00413nam a2200133Ia 4500008004100000100002400041245009500065260000900160300001300169504001100182650003300193700001800226773003500244181130s2018 xx 000 0 und d aMundu,Grace Bahalen aPatterns of marriage dissolution in Indiabregional, socio-economic , and religious trends c2018 ap.57-64. d21-Apr aMarriage and Divorce - India aUnisa, Sayeed aEconomic and Political Weekly